African Countries Logic Puzzle - Statistics

General Stats
  • This quiz has been taken 146 times
  • The average score is 8 of 25
Answer Stats
Number Answer % Correct
1 Equatorial Guinea: 7 Has the capital of: Yammousoukro.
100%
7 Ivory Coast: 13 Is the country in africa that almost every other country flag got inspired by, and did not get colonized.
85%
13 Ethiopia: For 23. This country has a flag with 2 green stripes and 1 white stripe.
74%
23 Nigeria: For 18, When you say this, you can say your emotion and what vehicle you use.
73%
18 Madagascar: 20 Has a de-facto capital.
42%
20 Benin: For 4. What country uses all vowels?
33%
2 Malawi: 6 Has a capital name that almost sounds like Gabon.
29%
4 Mozambique: 2 Is the 2nd country to show up when you search up “African Countries Starting With M” in google.
29%
17 Democratic Republic of the Congo: For 19, This country’s flag is similar to Micronesia.
27%
9 Mali: 14 Is an island country with its capital name in its country name.
27%
6 Botswana: 11 Sounds like Mauritius.
26%
11 Mauritania: 9 Is the filipino word for “Wrong”
26%
14 Sao Tome and Principe: 16 Is the country with the capital closest to Kinshasa.
26%
16 Republic of the Congo: 17 Is the country with the capital Kinshasa.
25%
15 Rwanda: Go back to somalia’s hint, except this time its for 22, and their capital starts with G.
22%
19 Somalia: 15 Is the country that borders Tanzania, with the capital that starts with K.
22%
22 Burundi: For 25, ____ Lake, capital starts with N, and this capital name has a comma.
21%
25 Chad: For 5, Lets go back to Mali, What is the awnser if instead, it is not an island country?
21%
5 Tunisia: 12 Is the country that is also the country that comes last in alphabetical order for countries of the world.
12%
24 Egypt: This last one has a capital that sounds similar to the capital of Zambia.
11%
3 Namibia: 24 Is the country that has The Pyramids of Giza.
11%
10 South Sudan: For 3, This country has a capital that ends with “hoek”
11%
8 Zambia: 10 Is the country that was also the latest to become independent.
11%
12 Zimbabwe: 8 Is the other country that starts with this country’s first letter.
11%
21 Angola: You Won!
8%
No matching quizzes found
Score Distribution
Percent of People with Each Score
Percentile by Number Answered
Your Score History
You have not taken this quiz